Oxygen concentration influence on the phase content of the plasma dynamic synthesis product in Ti-O system; 7th International Congresson Energy Fluxes and Radiation Effects (EFRE-2020 online), September 14–25, 2020, Tomsk, Russia

Bibliografiske detaljer
Parent link:7th International Congresson Energy Fluxes and Radiation Effects (EFRE-2020 online), September 14–25, 2020, Tomsk, Russia.— 2020.— P. 545
Andre forfattere: Sivkov A. A. Aleksandr Anatolyevich, Vympina Yu. N. Yuliya Nikolaevna, Shanenkova Yu. L. Yuliya Leonidovna, Ivashutenko A. S. Alexander Sergeevich, Rakhmatullin I. A. Ilyas Aminovich
Summary:Title screen
Sprog:engelsk
Udgivet: 2020
Fag:
Online adgang:https://hcei.tsc.ru/upload/medialibrary/9da/mqkl0tkkvkbamt3a7oq25k63gfqn5jn8.pdf#page=545
Format: MixedMaterials Electronisk Book Chapter
KOHA link:https://koha.lib.tpu.ru/cgi-bin/koha/opac-detail.pl?biblionumber=662975

MARC

LEADER 00000naa0a2200000 4500
001 662975
005 20260206120931.0
035 |a (RuTPU)RU\TPU\network\34143 
035 |a RU\TPU\network\18413 
090 |a 662975 
100 |a 20210118d2020 k||y0engy50 ba 
101 0 |a eng 
135 |a drcn ---uucaa 
181 0 |a i  
182 0 |a b 
200 1 |a Oxygen concentration influence on the phase content of the plasma dynamic synthesis product in Ti-O system   |f A. A. Sivkov, Yu. N. Vympina, Yu. L. Shanenkova [et al.] 
203 |a Text  |c electronic 
300 |a Title screen 
320 |a [References: p. 545 (6 tit.)] 
463 1 |t 7th International Congresson Energy Fluxes and Radiation Effects (EFRE-2020 online), September 14–25, 2020, Tomsk, Russia  |o abstracts  |v P. 545  |d 2020  |u https://hcei.tsc.ru/nauka/konferentsii/efre-2020/ 
610 1 |a электронный ресурс 
610 1 |a труды учёных ТПУ 
701 1 |a Sivkov  |b A. A.  |c Specialist in the field of electric power engineering  |c Professor of Tomsk Polytechnic University, Doctor of technical sciences  |f 1951-  |g Aleksandr Anatolyevich  |3 (RuTPU)RU\TPU\pers\32273  |9 16262 
701 1 |a Vympina  |b Yu. N.  |c specialist in the field of electric power and electrical engineering  |c engineer of Tomsk Polytechnic University  |f 1993-  |g Yuliya Nikolaevna  |3 (RuTPU)RU\TPU\pers\45959  |9 22025 
701 1 |a Shanenkova  |b Yu. L.  |c specialist in the field of electric power engineering  |c Assistant of the Department of Tomsk Polytechnic University, Candidate of technical sciences  |f 1991-  |g Yuliya Leonidovna  |3 (RuTPU)RU\TPU\pers\34119  |9 17659 
701 1 |a Ivashutenko  |b A. S.  |c specialist in the field of electrical engineering  |c Associate Professor of the Tomsk Polytechnic University, Candidate of technical sciences  |f 1981-  |g Alexander Sergeevich  |3 (RuTPU)RU\TPU\pers\33076  |9 16908 
701 1 |a Rakhmatullin  |b I. A.  |c specialist in the field of electric power engineering  |c Associate Professor of Tomsk Polytechnic University, Candidate of Sciences  |f 1986-  |g Ilyas Aminovich  |3 (RuTPU)RU\TPU\pers\33004  |9 16849 
801 2 |a RU  |b 63413507  |c 20210118  |g RCR 
856 4 0 |u https://hcei.tsc.ru/upload/medialibrary/9da/mqkl0tkkvkbamt3a7oq25k63gfqn5jn8.pdf#page=545  |z https://hcei.tsc.ru/upload/medialibrary/9da/mqkl0tkkvkbamt3a7oq25k63gfqn5jn8.pdf#page=545 
942 |c CF